die größten Städte Deutschlands 1939 - Statistiken

Allgemein
  • Dieses Quiz wurde 344 mal gespielt
  • Das Durchschnittsergebnis liegt bei 14 aus 20
Antwortstatistiken
Einwohner 2020 Einwohner 1939 Stadt % Korrekt
3.669.491 4.338.756 Berlin
100%
1.899.160 1.711.877 Hamburg
98%
1.484.226 829.318 München
98%
1.087.863 772.221 Köln
93%
556.780 630.216 Dresden
87%
593.145 707.365 Leipzig
85%
763.380 553.464 Frankfurt am Main
83%
635.911 458.429 Stuttgart
78%
621.877 541.410 Düsseldorf
77%
1.911.191 1.929.976 Wien
76%
588.250 542.261 Dortmund
74%
582.760 666.743 Essen
71%
518.370 423.383 Nürnberg
71%
567.559 354.109 Bremen
68%
536.925 470.950 Hannover
66%
641.607 629.565 Breslau
52%
498.686 434.646 Duisburg
52%
431.902 372.164 Königsberg
47%
355.100 401.672 Wuppertal
27%
246.334 337.645 Chemnitz
24%
Keine übereinstimmenden Quizze gefunden
Verteilung der Resultate
Anzahl Personen mit jedem Resultat
Perzentil nach korrekt beantworteten Fragen
Ihre Resultats-Entwicklung
Sie haben dieses Quiz noch nicht gespielt